000 00561nam a2200145Ia 4500
008 100122s9999 xx 000 0 und d
082 _b69449
_a822
100 _aअमरेंद्र
245 _aभास कृत मध्यमव्यायोग (क.क्र.21/4)
260 _bवोरा आणि कंपनी
_c1956
300 _a31
630 _aभास कृत मध्यमव्यायोग (क.क्र.21/4)
730 _aभास कृत मध्यमव्यायोग (क.क्र.21/4)
942 _cBOOK
999 _c440748
_d440745